[Event "C.to Regionale Molise"]
[Site "Campobasso ITA"]
[Date "2008.01.20"]
[Round "3"]
[White "Damiano, Giuseppe"]
[Black "Palladino, Andrea"]
[Result "1/2-1/2"]
[WhiteElo "2081"]
[BlackElo "2013"]
[PlyCount "30"]
[EventDate "2008.01.19"]

1. d4 Nf6 2. c4 g6 3. Nc3 Bg7 4. e4 d6 5. f3 O-O 6. Be3 Na6 7. Qd2 c5 8. d5 Bd7
9. Nge2 Rb8 10. Nc1 Nc7 11. Bd3 b5 12. O-O bxc4 13. Bxc4 Nb5 14. N3e2 Qb6 15.
Nd3 Nd4 1/2-1/2

[Event "XXIV C.to Torinese Open"]
[Site "Torino ITA"]
[Date "2008.01.21"]
[Round "1"]
[White "Mennuti, Alberto"]
[Black "Sgueglia, Gabriele"]
[Result "1/2-1/2"]
[WhiteElo "1779"]
[BlackElo "1323"]
[PlyCount "64"]
[EventDate "2008.01.21"]

1. d4 Nf6 2. c4 g6 3. Nc3 d5 4. Nf3 Bg7 5. cxd5 Nxd5 6. e4 Nxc3 7. bxc3 c5 8.
Bc4 O-O 9. Be3 Nc6 10. O-O Bg4 11. d5 Ne5 12. Be2 Nxf3+ 13. Bxf3 Bxf3 14. Qxf3
Bxc3 15. Rac1 Bd4 16. Bxd4 cxd4 17. Qd3 e5 18. dxe6 fxe6 19. Qc4 Qd6 20. Rfd1
Rac8 21. Qd3 Rxc1 22. Rxc1 e5 23. Qc4+ Kg7 24. Qc7+ Qxc7 25. Rxc7+ Rf7 26. Rc5
Kf6 27. Kf1 Ke6 28. Ke2 Rd7 29. Kd3 b6 30. Rc6+ Rd6 31. Rc7 Rd7 32. Rc6+ Kf7
1/2-1/2

[Event "XXIV C.to Torinese Open"]
[Site "Torino ITA"]
[Date "2008.01.21"]
[Round "1"]
[White "Miglietta, Manuel"]
[Black "Gallucci, Alessio"]
[Result "1/2-1/2"]
[WhiteElo "1613"]
[BlackElo "2078"]
[PlyCount "151"]
[EventDate "2008.01.21"]

1. c4 Nf6 2. Nc3 e6 3. g3 d5 4. cxd5 exd5 5. Bg2 Be6 6. d4 Bb4 7. Bd2 O-O 8.
Nf3 Re8 9. O-O Nbd7 10. Nb5 Bxd2 11. Nxd2 a6 12. Nc3 c5 13. e3 c4 14. e4 dxe4
15. Ncxe4 Nxe4 16. Nxe4 Bd5 17. Nd6 Bxg2 18. Kxg2 Re6 19. Nxc4 Nf6 20. Ne5 Qd5+
21. Nf3 Ng4 22. h3 Nh6 23. Qb3 Qxb3 24. axb3 Re2 25. Rab1 Nf5 26. Rfe1 Rae8 27.
Kf1 Rxe1+ 28. Rxe1 Rd8 29. Rd1 f6 30. Ke2 Kf7 31. Kd3 Ne7 32. Ne1 h5 33. Nc2 h4
34. Re1 hxg3 35. fxg3 Nf5 36. g4 Nh4 37. Re3 Ng6 38. Ke2 Nf4+ 39. Kd2 Rh8 40.
Nb4 Rd8 41. d5 a5 42. Nd3 Nxd5 43. Rf3 Nb4 44. Ke2 Nc6 45. Kf2 Nd4 46. Re3 Ne6
47. h4 Rc8 48. Ne1 Rc1 49. Rc3 Rb1 50. Nd3 Rd1 51. Ke2 Rh1 52. h5 Rh3 53. Nf2
Nd4+ 54. Kd2 Nxb3+ 55. Kc2 Nd4+ 56. Kb1 Rxc3 57. bxc3 Nc6 58. Kb2 Ke6 59. Nd3
Kd5 60. Nf4+ Ke5 61. Nd3+ Kd6 62. c4 Ne5 63. c5+ Kd5 64. Nf4+ Kxc5 65. Ne6+ Kc4
66. Nxg7 Nxg4 67. Nf5 Kd3 68. h6 Nxh6 69. Nxh6 b5 70. Nf5 a4 71. Ka3 Kc3 72.
Ne3 b4+ 73. Kxa4 b3 74. Ka3 Kd3 75. Nd5 Kc2 76. Ne3+ 1/2-1/2

[Event "XXIV C.to Torinese Open"]
[Site "Torino ITA"]
[Date "2008.01.28"]
[Round "2"]
[White "Cova, Joshua"]
[Black "Finocchiaro, Gianluca"]
[Result "1/2-1/2"]
[WhiteElo "1443"]
[BlackElo "1985"]
[PlyCount "76"]
[EventDate "2008.01.21"]

1. c4 g6 2. g3 Bg7 3. Bg2 d6 4. Nc3 Nf6 5. Nf3 O-O 6. O-O e5 7. d3 Nc6 8. Bg5
h6 9. Bd2 Be6 10. Rb1 a5 11. a3 Qd7 12. e4 Bg4 13. Nd5 Nxd5 14. cxd5 Nd4 15.
Be3 f5 16. Bxd4 exd4 17. h3 fxe4 18. hxg4 exf3 19. Bxf3 Rae8 20. Be4 Rf6 21. b4
axb4 22. Rxb4 b6 23. Qa4 Qe7 24. Rc4 Ref8 25. Qc2 R8f7 26. f4 Qd7 27. f5 Qe7
28. Rc1 Qe5 29. Kg2 gxf5 30. gxf5 Rxf5 31. Bxf5 Qxf5 32. Qe2 Qxd5+ 33. Qe4
Qxe4+ 34. dxe4 c5 35. Rb1 d3 36. Rxb6 Bd4 37. Rxd4 cxd4 38. Rxd6 Ra7 1/2-1/2

[Event "C.to Provinciale SO"]
[Site "Berbenno ITA"]
[Date "2008.01.??"]
[Round "1"]
[White "Paniga, Danilo"]
[Black "Battilani, Cristian"]
[Result "0-1"]
[WhiteElo "1854"]
[BlackElo "1594"]
[PlyCount "60"]
[EventDate "2008.01.25"]

1. d4 Nf6 2. Nf3 g6 3. Nbd2 Bg7 4. e4 d6 5. Bd3 O-O 6. O-O c5 7. c3 Nbd7 8. Re1
e5 9. dxe5 Nxe5 10. Nxe5 dxe5 11. Qc2 Nh5 12. Nc4 b5 13. Ne3 c4 14. Bf1 f5 15.
a4 f4 16. Rd1 Qh4 17. Nd5 bxa4 18. Bxc4 Be6 19. Nb6 Bxc4 20. Nxc4 f3 21. Ne3
Nf4 22. gxf3 Nh3+ 23. Kg2 Rxf3 24. Kxf3 Rf8+ 25. Nf5 gxf5 26. Kg2 Qg4+ 27. Kf1
Qg1+ 28. Ke2 Qxf2+ 29. Kd3 Rd8+ 30. Kc4 Qxc2 0-1

[Event "C.to Provinciale SO"]
[Site "Berbenno ITA"]
[Date "2008.01.??"]
[Round "2"]
[White "Battilani, Cristian"]
[Black "Leoni, Leonardo"]
[Result "1-0"]
[WhiteElo "1594"]
[BlackElo "1700"]
[PlyCount "53"]
[EventDate "2008.01.25"]

1. e4 d6 2. d4 Nf6 3. Nc3 e6 4. f4 Be7 5. Nf3 O-O 6. Bd3 Nc6 7. O-O h6 8. e5
Nd5 9. Nxd5 exd5 10. c3 Bd7 11. f5 Qc8 12. f6 gxf6 13. Bxh6 fxe5 14. Bxf8 Qxf8
15. dxe5 dxe5 16. Bc2 Be6 17. Qe2 e4 18. Nd4 Nxd4 19. cxd4 Qg7 20. Qe3 Kf8 21.
h3 Rc8 22. Kh1 c5 23. dxc5 Bxc5 24. Qb3 b6 25. Bxe4 Bxh3 26. Qxh3 Rc6 27. Bxd5
1-0

[Event "C.to Provinciale SO"]
[Site "Berbenno ITA"]
[Date "2008.01.??"]
[Round "2"]
[White "Cornaggia, Ranieri"]
[Black "Rinaldi, Amos"]
[Result "1-0"]
[WhiteElo "1746"]
[BlackElo "1539"]
[PlyCount "41"]
[EventDate "2008.01.25"]

1. e4 b6 2. d4 Bb7 3. Nc3 e6 4. Bd3 Nf6 5. Nf3 d6 6. O-O Nbd7 7. Bf4 Qe7 8. Re1
O-O-O 9. a4 Kb8 10. a5 Nh5 11. Be3 e5 12. axb6 cxb6 13. Ba6 Ndf6 14. d5 g6 15.
Nb5 Ng4 16. Bxb7 Nxe3 17. Rxe3 Rd7 18. Bc6 Bh6 19. Rea3 Rc7 20. Rxa7 Qf6 21.
Ra8# 1-0

[Event "C.to Provinciale SO"]
[Site "Berbenno ITA"]
[Date "2008.01.??"]
[Round "2"]
[White "Paniga, Danilo"]
[Black "Betori, Alessandro"]
[Result "1-0"]
[WhiteElo "1854"]
[BlackElo "1608"]
[PlyCount "65"]
[EventDate "2008.01.25"]

1. d4 d5 2. Nf3 Nf6 3. e3 g6 4. Nbd2 Bg7 5. Bd3 Bg4 6. h3 Bd7 7. Ne5 Nc6 8.
Nxd7 Qxd7 9. c3 e5 10. dxe5 Nxe5 11. Bc2 O-O 12. O-O c5 13. e4 dxe4 14. Nxe4
Qc6 15. Nxf6+ Qxf6 16. Qd5 Qe7 17. Bf4 Rad8 18. Qe4 Rfe8 19. Rad1 Qh4 20. Be3
Qxe4 21. Bxe4 b6 22. Bd5 c4 23. Rd2 Rd6 24. Rfd1 Kf8 25. Bf4 Red8 26. Kf1 b5
27. Be3 Nd3 28. Be4 Kg8 29. Ke2 Nc1+ 30. Rxc1 Rxd2+ 31. Bxd2 Rxd2+ 32. Kxd2
Bh6+ 33. Kc2 1-0

[Event "C.to Provinciale SO"]
[Site "Berbenno ITA"]
[Date "2008.01.??"]
[Round "3"]
[White "Rinaldi, Amos"]
[Black "Battilani, Cristian"]
[Result "0-1"]
[WhiteElo "1539"]
[BlackElo "1594"]
[PlyCount "70"]
[EventDate "2008.01.25"]

1. d4 Nf6 2. Bg5 d6 3. Bxf6 exf6 4. e3 g6 5. c4 Bg7 6. Nc3 O-O 7. h4 Nd7 8. h5
f5 9. Nf3 Nf6 10. hxg6 fxg6 11. Ng5 h6 12. Nf3 Qe7 13. Qd2 c5 14. O-O-O a6 15.
Nh4 Kh7 16. d5 Bd7 17. Bd3 b5 18. b3 bxc4 19. bxc4 Ng4 20. e4 Bxc3 21. Qxc3
Nxf2 22. exf5 Qg5+ 23. Kc2 Nxd1 24. fxg6+ Kg8 25. Kxd1 Bg4+ 26. Kc2 Rf2+ 27.
Kb3 Rb8+ 28. Ka3 Rbb2 29. Qxb2 Rxb2 30. Kxb2 Qd2+ 31. Bc2 Qb4+ 32. Bb3 Be2 33.
Nf5 Qd2+ 34. Bc2 Bd3 35. Nxh6+ Kg7 0-1

[Event "C.to Provinciale RN"]
[Site "Rimini ITA"]
[Date "2008.01.26"]
[Round "1"]
[White "Gigli, Claudio"]
[Black "Ferri, Massimiliano"]
[Result "0-1"]
[WhiteElo "1683"]
[BlackElo "2139"]
[PlyCount "64"]
[EventDate "2008.01.26"]

1. d4 Nf6 2. Nf3 e6 3. c4 Bb4+ 4. Bd2 Qe7 5. Nc3 O-O 6. g3 d6 7. Bg2 e5 8. Qc2
Nbd7 9. O-O c6 10. a3 Ba5 11. dxe5 Nxe5 12. Nxe5 Qxe5 13. Bf4 Qe7 14. b4 Bb6
15. Rad1 Rd8 16. b5 cxb5 17. cxb5 Be6 18. Nd5 Nxd5 19. Bxd5 Bg4 20. Qb3 Rd7 21.
Bc4 Rc8 22. Rc1 Rdc7 23. Bd3 Bc5 24. Qb1 h6 25. a4 Qf6 26. Rc2 Bh3 27. Rfc1 g5
28. Be3 Bxe3 29. fxe3 Rxc2 30. Rxc2 Rxc2 31. Bxc2 Qc3 32. Qc1 Bf5 0-1

[Event "C.to Provinciale RN"]
[Site "Rimini ITA"]
[Date "2008.01.27"]
[Round "2"]
[White "Ferri, Massimiliano"]
[Black "Errera, Dario"]
[Result "1-0"]
[WhiteElo "2139"]
[BlackElo "1790"]
[PlyCount "87"]
[EventDate "2008.01.26"]

1. d4 d5 2. Nf3 Nf6 3. e3 Bg4 4. c4 c6 5. Qb3 Qb6 6. Qc2 Bxf3 7. gxf3 e6 8. Nc3
a5 9. Rg1 Na6 10. c5 Qc7 11. f4 b5 12. cxb6 Qxb6 13. Qa4 g6 14. a3 Be7 15. Bd2
O-O 16. Nd1 Nc7 17. Bd3 Ne4 18. Bxe4 dxe4 19. Rc1 Nb5 20. Qc2 Rac8 21. Qxe4 c5
22. dxc5 Rxc5 23. Rxc5 Bxc5 24. Qa4 Ra8 25. Rg5 Nc7 26. e4 f5 27. Bc3 Nb5 28.
Be5 Rd8 29. Rg3 Qc6 30. exf5 exf5 31. Qb3+ Kf8 32. Rd3 Qe4+ 33. Kd2 Rxd3+ 34.
Qxd3 Qxd3+ 35. Kxd3 Nd6 36. f3 Ke7 37. Nc3 Ke6 38. h3 Bb6 39. Na4 Bd8 40. Nc5+
Kd5 41. Bxd6 Kxd6 42. Nb7+ Kd7 43. Nxd8 Kxd8 44. Kc4 1-0

[Event "C.to Provinciale RN"]
[Site "Rimini ITA"]
[Date "2008.02.02"]
[Round "4"]
[White "Ferri, Massimiliano"]
[Black "Lucchi, Lorenzo"]
[Result "1-0"]
[WhiteElo "2139"]
[BlackElo "2030"]
[PlyCount "71"]
[EventDate "2008.01.26"]

1. d4 Nf6 2. Nf3 g6 3. Nbd2 Bg7 4. e4 d6 5. Bd3 Nbd7 6. O-O O-O 7. Re1 e5 8. c3
c5 9. dxe5 Nxe5 10. Nxe5 dxe5 11. Qc2 Qc7 12. a4 Be6 13. Bc4 Bh6 14. Bxe6 fxe6
15. Qb3 Qc6 16. Nc4 Bxc1 17. Raxc1 Nxe4 18. f3 Nd6 19. Nxe5 Qd5 20. Qxd5 exd5
21. Nd7 Rf4 22. Nxc5 b6 23. Ne6 Rxa4 24. Nc7 Rd8 25. Nxd5 Nf5 26. Nf6+ Kg7 27.
Ne4 Ra2 28. Re2 a5 29. Rce1 a4 30. Kf2 Nd6 31. Ng5 Kh6 32. f4 Rc8 33. Kf3 a3
34. Re7 Rh8 35. Rd7 axb2 36. Ree7 1-0

[Event "C.to Provinciale PI"]
[Site "Pisa ITA"]
[Date "2008.01.27"]
[Round "3"]
[White "Codenotti, Marco"]
[Black "Pinto, Antonio"]
[Result "1-0"]
[WhiteElo "1992"]
[BlackElo "1995"]
[PlyCount "57"]
[EventDate "2008.01.26"]

1. e4 e6 2. d3 d5 3. Nd2 Nc6 4. Ngf3 b6 5. g3 Bb7 6. Bg2 Bd6 7. O-O Qd7 8. c3
O-O-O 9. Qc2 Nge7 10. a4 Ng6 11. b4 h5 12. Nb3 h4 13. a5 hxg3 14. hxg3 f5 15.
axb6 axb6 16. b5 Nce5 17. Nbd4 Nxf3+ 18. Bxf3 dxe4 19. dxe4 f4 20. Bg4 Rde8 21.
Ra7 Ne5 22. Qa2 Kb8 23. Bxf4 Bxe4 24. f3 Bd5 25. Ra1 Bxa2 26. R1xa2 Ba3 27.
R2xa3 Qd5 28. Bxe5 Re7 29. Nc6+ 1-0

[Event "Open Accademia Serale"]
[Site "Milano ITA"]
[Date "2008.01.17"]
[Round "2"]
[White "Paolillo, Giampiero"]
[Black "D'Angelo, Dino"]
[Result "0-1"]
[WhiteElo "1665"]
[BlackElo "1503"]
[PlyCount "96"]
[EventDate "2008.01.10"]

1. e4 c5 2. Nc3 Nc6 3. f4 e6 4. Nf3 d5 5. exd5 exd5 6. Qe2+ Be7 7. Nb5 Nf6 8.
d3 Qa5+ 9. Nc3 d4 10. Bd2 dxc3 11. Bxc3 Qc7 12. Bxf6 gxf6 13. Qe4 Nd4 14. Nxd4
cxd4 15. O-O-O Be6 16. Kb1 Rc8 17. Rd2 Bxa2+ 18. Kc1 Bb3 19. Qxd4 Bxc2 20. Qc4
Qxc4 21. dxc4 Bb3 22. g3 a6 23. Kb1 Kf8 24. Rd7 Bxc4 25. Bxc4 Rxc4 26. Rxb7 Bb4
27. Rd1 Kg7 28. Rdd7 Rf8 29. h4 Be1 30. Rd1 Re4 31. Ka2 Rfe8 32. Rdd7 Rf8 33.
Rd1 a5 34. Rc7 Bb4 35. Rd3 Rfe8 36. h5 h6 37. Rd1 R8e7 38. Rc8 Re8 39. Rc7 Re2
40. g4 Rg2 41. Rdd7 Rf8 42. g5 fxg5 43. fxg5 Rxg5 44. Rd3 Rxh5 45. Rg3+ Rg5 46.
Rh3 Rg6 47. Rf3 Kg8 48. Rh3 f5 0-1

[Event "Open Accademia Serale"]
[Site "Milano ITA"]
[Date "2008.02.21"]
[Round "7"]
[White "Chinnici, Giorgio"]
[Black "Alidosi, Marco"]
[Result "1-0"]
[WhiteElo "1771"]
[BlackElo "1713"]
[PlyCount "47"]
[EventDate "2008.01.10"]

1. e4 c5 2. Nc3 Nc6 3. f4 d6 4. Bc4 g6 5. Nf3 Bg7 6. O-O e6 7. d3 Nge7 8. Qe1
O-O 9. f5 d5 10. Bb3 Na5 11. Qh4 exf5 12. Bg5 f6 13. Bh6 Nxb3 14. axb3 fxe4 15.
Bxg7 Nf5 16. Qe1 Re8 17. Bxf6 Qxf6 18. Nxd5 Qc6 19. dxe4 Ne7 20. Ne5 Qd6 21.
Nf6+ Kf8 22. Nxe8+ Kxe8 23. Nc4 Qe6 24. Rd1 1-0

[Event "Weekend B Inverno"]
[Site "Milano ITA"]
[Date "2008.02.03"]
[Round "5"]
[White "Fornari, Sergio"]
[Black "Reale, Simone"]
[Result "0-1"]
[WhiteElo "1529"]
[BlackElo "1440"]
[PlyCount "66"]
[EventDate "2008.01.26"]

1. d4 Nf6 2. Nf3 d5 3. Bg5 Ne4 4. Nbd2 Nxg5 5. Nxg5 Nc6 6. Ngf3 Bg4 7. e3 e5 8.
h3 Bxf3 9. Nxf3 e4 10. Nd2 Bd6 11. c4 Bb4 12. a3 Bxd2+ 13. Qxd2 O-O 14. Be2 Qg5
15. O-O Ne7 16. Rac1 c6 17. Kh2 f5 18. f4 exf3 19. Rxf3 Rf6 20. Qb4 Rg6 21. Rg1
b6 22. g4 Rf8 23. Bd3 h5 24. Rfg3 hxg4 25. Rxg4 fxg4 26. Bxg6 Nxg6 27. Rxg4
Rf2+ 28. Kg1 Qxe3 29. Rxg6 Rxb2+ 30. Kh1 Rxb4 31. axb4 Qxh3+ 32. Kg1 Qe3+ 33.
Kf1 Qd3+ 0-1

[Event "Weekend B Inverno"]
[Site "Milano ITA"]
[Date "2008.02.03"]
[Round "6"]
[White "Leopardi, Stefano"]
[Black "Fornari, Sergio"]
[Result "1-0"]
[WhiteElo "1454"]
[BlackElo "1529"]
[PlyCount "99"]
[EventDate "2008.01.26"]

1. c4 g6 2. Nc3 Bg7 3. Nf3 Nf6 4. g3 d6 5. Bg2 O-O 6. O-O e5 7. d3 c6 8. Bd2
Na6 9. a3 Nc7 10. Rb1 Ne6 11. Qc1 Nh5 12. Ng5 Nd4 13. Nf3 Nb3 14. Qc2 Nxd2 15.
Qxd2 f5 16. e3 f4 17. Ne2 Bh6 18. Rbe1 Qb6 19. exf4 exf4 20. d4 Kg7 21. Qc3 Kg8
22. c5 Qc7 23. b4 Bg4 24. h3 Bd7 25. g4 Nf6 26. Qb3+ Nd5 27. Nc3 Kh8 28. Nxd5
cxd5 29. Qxd5 Bc6 30. Qxd6 Qxd6 31. cxd6 Bb5 32. Re7 Bxf1 33. Kxf1 Rad8 34.
Rxb7 Rxd6 35. Rxa7 Bg7 36. b5 Bxd4 37. Nxd4 Rxd4 38. Bf3 Rd3 39. Kg2 Rb8 40. a4
Rb6 41. Bc6 h5 42. a5 f3+ 43. Kg3 Rb8 44. b6 Rd6 45. Bxf3 Rd3 46. Kg2 Rdd8 47.
b7 Kg7 48. Ra8 Kf6 49. a6 Rf8 50. Rxb8 1-0

[Event "Weekend A Inverno"]
[Site "Milano ITA"]
[Date "2008.02.03"]
[Round "6"]
[White "Torelli, Mauro"]
[Black "Manasse, Mario"]
[Result "0-1"]
[WhiteElo "1691"]
[BlackElo "1934"]
[PlyCount "96"]
[EventDate "2008.01.26"]

1. Nf3 f5 2. d3 Nc6 3. e4 e5 4. Nc3 Nf6 5. h3 Bc5 6. exf5 d6 7. g4 O-O 8. Be3
Nd4 9. Bg2 c6 10. O-O b5 11. a3 Bd7 12. Ne2 Nxf3+ 13. Bxf3 Bb6 14. c4 d5 15.
cxb5 cxb5 16. Qb3 Bc6 17. Nc3 Kh8 18. Bg5 Qd6 19. Nxb5 Bxb5 20. Qxb5 Rab8 21.
Qa4 Bc7 22. Bh4 Rxb2 23. d4 e4 24. Bg3 Qb6 25. Bxc7 Qxc7 26. Bg2 Rfb8 27. Rac1
Qf4 28. Qxa7 e3 29. Qc7 Qxd4 30. g5 Ng8 31. Qc3 exf2+ 32. Kh1 Qh4 33. f6 gxf6
34. gxf6 Nxf6 35. Bxd5 R2b5 36. Bg2 Rb3 37. Qe5 Re8 38. Qf5 Ne4 39. Qg4 Qh6 40.
Bxe4 Rxh3+ 41. Kg2 Rg8 42. Rc8 Rh2+ 43. Kf3 Qf6+ 44. Ke2 Qa6+ 45. Bd3 Qxc8 46.
Qd4+ Rg7 47. Rxf2 Qe6+ 48. Kf1 Rh1# 0-1

[Event "XV Weekend Nervi A"]
[Site "Genova ITA"]
[Date "2008.02.03"]
[Round "4"]
[White "Cirabisi, Federico"]
[Black "Carosso, Andrea"]
[Result "0-1"]
[WhiteElo "2130"]
[BlackElo "2026"]
[PlyCount "90"]
[EventDate "2008.02.01"]

1. e4 c6 2. d4 d5 3. exd5 cxd5 4. Bd3 Nc6 5. c3 Nf6 6. Bf4 Bg4 7. f3 Bh5 8. Qb3
Qd7 9. Nd2 e6 10. Ne2 Bd6 11. O-O-O O-O 12. Bg5 Bg6 13. Bxg6 hxg6 14. h4 Rfc8
15. Kb1 a5 16. h5 Nxh5 17. g4 Nf6 18. Rh3 Kf8 19. Rdh1 a4 20. Qd1 a3 21. b3 e5
22. Qe1 Ne7 23. Rh8+ Neg8 24. Qh4 Ke7 25. Qh7 Qb5 26. Nc1 Ke6 27. Qh3 Rxc3 28.
Bxf6 gxf6 29. g5+ f5 30. Qf1 Qxf1 31. Rxf1 Rac8 32. Re1 e4 33. fxe4 fxe4 34.
Rf1 Rc2 35. Nc4 Rxc1+ 36. Rxc1 dxc4 37. bxc4 Ne7 38. d5+ Kf5 39. Rxc8 Nxc8 40.
c5 Bf4 41. c6 bxc6 42. Rxc6 Ne7 43. Rf6+ Kxg5 44. Ra6 Nf5 45. Kc2 Bd6 0-1

[Event "Open Inverno"]
[Site "Ceriano Laghetto ITA"]
[Date "2008.02.05"]
[Round "1"]
[White "Bencivenga, Antonio"]
[Black "Santarelli, Sabatino"]
[Result "0-1"]
[WhiteElo "1332"]
[BlackElo "1593"]
[PlyCount "82"]
[EventDate "2008.02.05"]

1.c4 g6 2.Nc3 Bg7 3.Nf3 c5 4.g3 Nc6 5.Bg2 Nf6 6.d4 cxd4 7.Nxd4 O-O 8.Be3 
Ng4 9.Nxc6 dxc6 10.Bc5 Qc7 11.O-O Be6 12.Qb3 Ne5 13.Qb4 Nxc4 14.Bxe7 Rfe8 
15.Bg5 a5 16.Qc5 a4 17.Nb5 Qe5 18.Qxe5 Bxe5 19.Na3 Nxa3 20.bxa3 Bxa1 21.
Rxa1 Ra5 22.h4 Rc5 23.Be4 Bf5 24.Bxf5 Rxf5 25.Rb1 b5 26.Kf1 h5 27.Rc1 c5 
28.f3 c4 29.Rc3 Re6 30.Be3 Rd5 31.Ke1 f5 32.f4 Kf7 33.Bd2 Rd3 34.Rxd3 cxd3
35.e3 Rc6 36.Bb4 Rc2 37.Kd1 Rxa2 38.Ke1 Ke6 39.Kd1 Kd5 40.Ke1 Ke4 41.Bc5 
Re2+ 0-1

[Event "Open Inverno"]
[Site "Ceriano Laghetto ITA"]
[Date "2008.02.05"]
[Round "1"]
[White "Clerici, Samuele"]
[Black "Fock, Giustino"]
[Result "1-0"]
[WhiteElo "1608"]
[BlackElo "1371"]
[PlyCount "27"]
[EventDate "2008.02.05"]

1.e4 e5 2.Nf3 Nc6 3.Bb5 a6 4.Ba4 b5 5.Bb3 Be7 6.d3 Nf6 7.Nc3 O-O 8.Nd5 Bd6
9.Bg5 h6 10.Nxf6+ gxf6 11.Bxh6 Re8 12.Nh4 Kh7 13.Qh5 Kg8 14.Bxf7+ 1-0

[Event "Open Inverno"]
[Site "Ceriano Laghetto ITA"]
[Date "2008.02.05"]
[Round "1"]
[White "De Dominicis, Arrigo"]
[Black "Conta, Diego"]
[Result "0-1"]
[WhiteElo "1453"]
[BlackElo "1890"]
[PlyCount "56"]
[EventDate "2008.02.05"]

1.e4 c5 2.Bc4 e6 3.d3 d5 4.exd5 exd5 5.Bb3 Nf6 6.h3 Nc6 7.Ba4 Qa5+ 8.Nc3 
d4 9.Bxc6+ bxc6 10.Bd2 dxc3 11.Bxc3 Qd8 12.Qf3 Qd6 13.O-O-O Be7 14.b3 Be6 
15.Be5 Qd5 16.Qg3 O-O 17.Bf4 Nh5 18.Qf3 Nxf4 19.Qxf4 Bg5 20.Qxg5 Qxg5+ 21.
Kb1 a5 22.g4 a4 23.Nf3 Qf6 24.g5 Qxf3 25.h4 axb3 26.cxb3 Qxf2 27.a4 Bxb3 
28.Rhf1 Qc2+ 0-1

[Event "Open Inverno"]
[Site "Ceriano Laghetto ITA"]
[Date "2008.02.05"]
[Round "1"]
[White "Gagliardi, Christian"]
[Black "Bertuolo, Sergio"]
[Result "1-0"]
[WhiteElo "2186"]
[BlackElo "1523"]
[PlyCount "45"]
[EventDate "2008.02.05"]

1.e4 e6 2.d3 d5 3.Nd2 Nc6 4.Ngf3 dxe4 5.dxe4 Nf6 6.Bb5 Bd7 7.c3 Bc5 8.O-O 
Ne7 9.Qe2 Ng6 10.e5 Nf4 11.Qc4 Bxb5 12.Qxb5+ Nd7 13.Nb3 a6 14.Qc4 Bxf2+ 
15.Rxf2 Nd5 16.Bg5 Qc8 17.Raf1 O-O 18.Qg4 f5 19.exf6 N7xf6 20.Bxf6 Rxf6 
21.Qe4 Rf4 22.Qd3 Rf6 23.Ng5 1-0

[Event "Open Inverno"]
[Site "Ceriano Laghetto ITA"]
[Date "2008.02.05"]
[Round "1"]
[White "Guglia, Giuseppe"]
[Black "Morandi, Daniele"]
[Result "0-1"]
[WhiteElo "1500"]
[BlackElo "1999"]
[PlyCount "74"]
[EventDate "2008.02.05"]

1.e4 e5 2.Nf3 Nc6 3.Bc4 Bc5 4.c3 Nf6 5.b4 Bb6 6.d3 d6 7.O-O Bg4 8.Qb3 Bh5 
9.Be3 O-O 10.Nbd2 Kh8 11.Bg5 h6 12.Bh4 Qe7 13.Bg3 Nh7 14.Nh4 g6 15.Kh1 f5 
16.f4 exf4 17.Bxf4 Qxh4 18.Bxh6 Be2 19.Bxf8 Nf6 20.Nf3 Qf4 21.Qb2 Bxf1 22.
Rxf1 Rxf8 23.g3 Qg4 24.Nh4 fxe4 25.Qc1 Kg7 26.Rf4 Qe2 27.Qf1 Qxf1+ 28.Rxf1
exd3 29.Bxd3 Ne5 30.Bc2 Nd5 31.Rxf8 Kxf8 32.Nxg6+ Nxg6 33.Bxg6 Nxc3 34.h4 
Nxa2 35.b5 Nc3 36.g4 Nxb5 37.Be4 a5 0-1

[Event "Open Inverno"]
[Site "Ceriano Laghetto ITA"]
[Date "2008.02.05"]
[Round "1"]
[White "Guzzetti, Luigi Enrico"]
[Black "Zampar, Andrea"]
[Result "1-0"]
[WhiteElo "1933"]
[BlackElo "1481"]
[PlyCount "45"]
[EventDate "2008.02.05"]

1.e4 c5 2.Nf3 d6 3.d4 cxd4 4.Nxd4 Nf6 5.Nc3 e6 6.Be2 Be7 7.Be3 O-O 8.O-O 
a6 9.a4 Nc6 10.f4 e5 11.Nxc6 bxc6 12.a5 Rb8 13.b3 Rb4 14.Bf3 Bb7 15.fxe5 
dxe5 16.Qe2 Qa8 17.Rfe1 c5 18.Bf2 Rd8 19.Bg3 Rdd4 20.Bxe5 Rxe4 21.Nxe4 
Bxe4 22.Bxf6 Bxf6 23.Bxe4 1-0

[Event "Open Inverno"]
[Site "Ceriano Laghetto ITA"]
[Date "2008.02.05"]
[Round "1"]
[White "Iula, Massimo"]
[Black "Schingaro, Angelo"]
[Result "0-1"]
[WhiteElo "1395"]
[BlackElo "1683"]
[PlyCount "94"]
[EventDate "2008.02.05"]

1.e4 c5 2.c3 d5 3.exd5 Qxd5 4.d4 Nf6 5.Nf3 e6 6.Na3 a6 7.Bc4 Qd8 8.O-O Be7
9.Re1 O-O 10.Be3 cxd4 11.Qxd4 Nc6 12.Qxd8 Rxd8 13.Bb6 Re8 14.Nc2 Nd7 15.
Be3 b5 16.Bb3 Bb7 17.Ncd4 Rad8 18.Red1 Nce5 19.Nxe5 Nxe5 20.a4 b4 21.c4 
Nc6 22.Nxc6 Bxc6 23.Bc2 h6 24.f3 Bf6 25.Rab1 Rxd1+ 26.Rxd1 Bxb2 27.Rd6 Rc8
28.Bc5 Bc3 29.a5 g6 30.Kf2 Bxf3 31.Kxf3 Rxc5 32.Rxa6 Rxc4 33.Ra8+ Kg7 34.
a6 Bd4 35.a7 Bxa7 36.Rxa7 Rxc2 37.Rb7 Rc4 38.Ke3 Kf6 39.g3 h5 40.Rb5 e5 
41.Rb6+ Kg5 42.Kf3 Rc3+ 43.Ke2 b3 44.Rb4 Rc2+ 45.Kf3 Rxh2 46.Rxb3 Rc2 47.
Rd3 e4+ 0-1

[Event "Open Inverno"]
[Site "Ceriano Laghetto ITA"]
[Date "2008.02.05"]
[Round "1"]
[White "Marelli, Vittorio"]
[Black "Cervini, Gian Piero"]
[Result "0-1"]
[WhiteElo "1439"]
[BlackElo "1767"]
[PlyCount "52"]
[EventDate "2008.02.05"]

1.e4 d6 2.Nf3 Nf6 3.Nc3 g6 4.d4 Bg7 5.Bf4 O-O 6.Bc4 c6 7.O-O b5 8.Bb3 b4 
9.Ne2 Nxe4 10.c3 bxc3 11.bxc3 Nd7 12.Ng5 Nxg5 13.Bxg5 Nf6 14.Nf4 Qa5 15.
Bxf6 Bxf6 16.Qf3 Bb7 17.Rab1 Rab8 18.Rfe1 e5 19.d5 exf4 20.dxc6 Ba8 21.
Qxf4 Be5 22.Rxe5 dxe5 23.Bxf7+ Kg7 24.Qe4 Rxb1+ 25.Qxb1 Rxf7 26.Qe4 Qc7 
0-1

[Event "Open Inverno"]
[Site "Ceriano Laghetto ITA"]
[Date "2008.02.05"]
[Round "1"]
[White "Moioli, Ferruccio"]
[Black "Lapiccirella, Mattia"]
[Result "0-1"]
[WhiteElo "1566"]
[BlackElo "2240"]
[PlyCount "64"]
[EventDate "2008.02.05"]

1.d4 Nf6 2.Nc3 c5 3.dxc5 e6 4.e3 Bxc5 5.g3 O-O 6.Bg2 d5 7.Nge2 Nc6 8.O-O 
Qe7 9.Nf4 Rd8 10.Qe2 a6 11.a3 b5 12.b4 Ba7 13.Bb2 Bb7 14.Nh5 Nxh5 15.Qxh5 
f6 16.Ne2 Qf7 17.Qh4 e5 18.g4 g5 19.Qh5 Qxh5 20.gxh5 Kf7 21.Rad1 Ke6 22.
Ng3 Ne7 23.h6 f5 24.Rfe1 Ng8 25.Kh1 Nxh6 26.f4 Ng4 27.h3 Nf2+ 28.Kh2 Nxd1 
29.Rxd1 Bxe3 30.fxe5 Rac8 31.c3 Bf4 32.Re1 h5 0-1

[Event "Open Inverno"]
[Site "Ceriano Laghetto ITA"]
[Date "2008.02.05"]
[Round "1"]
[White "Regorda, Vittorio"]
[Black "Mondini, Francesco"]
[Result "1-0"]
[WhiteElo "1863"]
[BlackElo "1448"]
[PlyCount "67"]
[EventDate "2008.02.05"]

1.Nf3 d5 2.g3 c5 3.Bg2 Nf6 4.O-O e6 5.d3 Be7 6.Re1 Nc6 7.Nbd2 O-O 8.e4 
dxe4 9.Nxe4 Nd5 10.a3 h6 11.Bd2 Qc7 12.Qc1 Re8 13.c4 Nf6 14.Bxh6 g6 15.Bf4
Qd7 16.Qc3 Nd4 17.Ne5 Nxe4 18.dxe4 Qa4 19.Qe3 Nc2 20.Qf3 Nxa1 21.Qg4 Bf6 
22.Rxa1 Bg7 23.h4 Qa5 24.Rd1 Rd8 25.Rxd8+ Qxd8 26.h5 f5 27.Qxg6 Qf6 28.
exf5 Qxg6 29.fxg6 a5 30.h6 Bf8 31.Ng4 Ra6 32.Be5 Bg7 33.Bxg7 e5 34.Bd5+ 
1-0

[Event "Open Inverno"]
[Site "Ceriano Laghetto ITA"]
[Date "2008.02.05"]
[Round "1"]
[White "Ronconi, Fausto"]
[Black "Pellegrini, Fabio"]
[Result "1-0"]
[WhiteElo "1733"]
[BlackElo "1428"]
[PlyCount "121"]
[EventDate "2008.02.05"]

1.c4 Nf6 2.Nf3 Nc6 3.b3 e5 4.Bb2 d6 5.g3 h6 6.Bg2 Be7 7.O-O O-O 8.d4 e4 9.
Nfd2 Bf5 10.Nc3 d5 11.cxd5 Nxd5 12.Ncxe4 Bxe4 13.Nxe4 Nf6 14.Nc5 Bxc5 15.
dxc5 Qxd1 16.Rfxd1 Na5 17.Bc3 Nc6 18.b4 Rfd8 19.b5 Ne7 20.Bxb7 Rab8 21.c6 
Nfd5 22.Bd4 Nf5 23.Bxa7 Nc3 24.Re1 Nxb5 25.Bxb8 Rxb8 26.a4 Nbd6 27.Reb1 
Nd4 28.Kf1 Nc4 29.Ra2 Na5 30.Rd2 Ndxc6 31.Rc2 Nd8 32.Rxc7 Ndxb7 33.e4 Kf8 
34.f4 g6 35.Kf2 Ra8 36.Kf3 Nd6 37.e5 Nf5 38.Rd1 Nb3 39.Rdd7 Rxa4 40.Rxf7+ 
Kg8 41.Ra7 Nbd4+ 42.Ke4 Rb4 43.Rfb7 Nc6+ 44.Rxb4 Nxb4 45.g4 Ng7 46.Rb7 Nc6
47.Kd5 Na5 48.Ra7 Nb3 49.e6 Ne8 50.Ke5 Nc5 51.f5 gxf5 52.gxf5 Nd3+ 53.Kd4 
Nf4 54.Ke4 Nh5 55.Ke5 Nhf6 56.h3 Kh8 57.Rf7 Ng8 58.Rf8 Nc7 59.e7 Kg7 60.
f6+ Nxf6 61.Rxf6 1-0